[Event "Kaupthing Open Differdange"]
[Site "Differdange"]
[Date "2007.07.08"]
[Round "3.3"]
[White "Erdos, Viktor"]
[Black "Lobzhanidze, Davit"]
[Result "1/2-1/2"]
[WhiteElo "2523"]
[BlackElo "2470"]
[PlyCount "74"]
[EventType "swiss"]
[EventCountry "LUX"]

1. d4 Nf6 2. c4 e6 3. Nc3 Bb4 4. Qc2 O-O 5. a3 Bxc3+ 6. Qxc3 b6 7. Bg5 Bb7 8.
e3 d6 9. Ne2 Nbd7 10. Qd3 Qe7 11. Nc3 c5 12. Rd1 Rfd8 13. d5 exd5 14. cxd5 h6
15. Bh4 Ne5 16. Qc2 Ng6 17. Bg3 Nh5 18. Be2 Nxg3 19. hxg3 a6 20. a4 Re8 21. O-O
Bc8 22. e4 Ne5 23. f4 Ng4 24. Qd2 f6 25. Rde1 Ra7 26. Bf3 Qd8 27. Qd1 h5 28. f5
Nh6 29. Ne2 Qe7 30. Bxh5 Rd8 31. Nf4 Qe5 32. Rf2 b5 33. a5 Rc7 34. g4 g5 35.
fxg6 Kg7 36. Qf3 c4 37. Ne2 b4 1/2-1/2

[Event "Kaupthing Open Differdange"]
[Site "Differdange"]
[Date "2007.07.08"]
[Round "3.5"]
[White "Gharamian, Tigran"]
[Black "Siebrecht, Sebastian"]
[Result "1/2-1/2"]
[WhiteElo "2517"]
[BlackElo "2431"]
[PlyCount "31"]
[EventType "swiss"]
[EventCountry "LUX"]

1. e4 c5 2. Nf3 e6 3. d4 cxd4 4. Nxd4 a6 5. Bd3 Nf6 6. O-O d6 7. c4 Be7 8. Nc3
O-O 9. Qe2 b6 10. f4 Bb7 11. Kh1 Re8 12. Bd2 Bf8 13. Rae1 Nc6 14. Nxc6 Bxc6 15.
e5 Nd7 16. exd6 1/2-1/2

[Event "Kaupthing Open Differdange"]
[Site "Differdange"]
[Date "2007.07.08"]
[Round "3.6"]
[White "Rohit, Goginenni"]
[Black "Velicka, Petr"]
[Result "1/2-1/2"]
[WhiteElo "2470"]
[BlackElo "2507"]
[PlyCount "39"]
[EventType "swiss"]
[EventCountry "LUX"]

1. e4 c6 2. d4 d5 3. Nc3 dxe4 4. Nxe4 Bf5 5. Ng3 Bg6 6. h4 h6 7. Nf3 e6 8. h5
Bh7 9. Bd3 Bxd3 10. Qxd3 Nf6 11. Bd2 c5 12. O-O-O Nc6 13. Bc3 Qd5 14. dxc5 Qxd3
15. Rxd3 Bxc5 16. Bxf6 gxf6 17. Ne4 Be7 18. Rhd1 Rd8 19. Rxd8+ Nxd8 20. Nd6+
1/2-1/2

[Event "Kaupthing Open Differdange"]
[Site "Differdange"]
[Date "2007.07.08"]
[Round "3.8"]
[White "Wirig, Anthony"]
[Black "Vatter, Hans Joachim"]
[Result "1/2-1/2"]
[WhiteElo "2487"]
[BlackElo "2319"]
[PlyCount "87"]
[EventType "swiss"]
[EventCountry "LUX"]

1. d4 Nf6 2. Nf3 g6 3. c4 Bg7 4. g3 O-O 5. Bg2 d5 6. cxd5 Nxd5 7. O-O Nb6 8.
Nc3 Nc6 9. e3 Re8 10. Re1 e5 11. d5 Ne7 12. e4 Bd7 13. Qb3 Nec8 14. Bg5 Bf6 15.
Be3 Nd6 16. a4 Nbc4 17. Bc1 c5 18. Qc2 Na5 19. b3 c4 20. bxc4 Naxc4 21. Nd2
Nxd2 22. Bxd2 Nc4 23. Bh6 Qa5 24. Qb3 Nd6 25. Bd2 Rec8 26. Reb1 Qd8 27. Nb5
Nxb5 28. axb5 Be7 29. Bc3 Bd6 30. Qb2 Qe7 31. Ra5 b6 32. Ra2 Bxb5 33. Bxe5 Bxe5
34. Qxb5 Rc5 35. Qd3 Rac8 36. Rd1 Rc3 37. Qd2 R8c4 38. d6 Qd7 39. Bh3 Qxh3 40.
d7 Bf6 41. Rxa7 Kg7 42. d8=Q Bxd8 43. Qxd8 Rc1 44. Ra1 1/2-1/2

[Event "Kaupthing Open Differdange"]
[Site "Differdange"]
[Date "2007.07.08"]
[Round "3.9"]
[White "Koneru, Humpy"]
[Black "Goriachnik, Dmitry"]
[Result "1-0"]
[WhiteElo "2572"]
[BlackElo "2301"]
[PlyCount "87"]
[EventType "swiss"]
[EventCountry "LUX"]

1. d4 d5 2. c4 Bf5 3. Nc3 e6 4. Nf3 Nf6 5. e3 c6 6. Nh4 Bg4 7. Qb3 Qc7 8. h3
Bh5 9. g4 Bg6 10. Nxg6 hxg6 11. Bg2 Nbd7 12. g5 dxc4 13. Qxc4 Nb6 14. Qb3 Nfd5
15. Ne2 Bd6 16. Bd2 O-O-O 17. a4 Kb8 18. a5 Nc8 19. h4 a6 20. e4 Nf4 21. Bxf4
Bxf4 22. e5 Ne7 23. Nxf4 Rxd4 24. Ne2 Rdxh4 25. Rxh4 Rxh4 26. f4 Nd5 27. Bxd5
exd5 28. Kd2 Qd7 29. Qb4 Rh2 30. Qd6+ Qxd6 31. exd6 Rh8 32. Ra3 Rd8 33. Re3 Kc8
34. Re7 Rd7 35. Kd3 c5 36. Re8+ Rd8 37. Rxd8+ Kxd8 38. Nc3 d4 39. Ne4 Kd7 40.
Kc4 f5 41. Nxc5+ Kxd6 42. Nxb7+ Kc6 43. Nc5 d3 44. Nxd3 1-0

[Event "Kaupthing Open Differdange"]
[Site "Differdange"]
[Date "2007.07.08"]
[Round "3.10"]
[White "Nezar, Mustapha"]
[Black "Georgiev, Vladimir"]
[Result "0-1"]
[WhiteElo "2417"]
[BlackElo "2567"]
[PlyCount "88"]
[EventType "swiss"]
[EventCountry "LUX"]

1. d4 Nf6 2. c4 e6 3. Nf3 d5 4. Nc3 c6 5. Bg5 h6 6. Bxf6 Qxf6 7. e3 Nd7 8. Bd3
dxc4 9. Bxc4 g6 10. O-O Bg7 11. e4 e5 12. d5 O-O 13. h3 Nb6 14. Bb3 Rd8 15. Qe2
Bd7 16. Rfd1 c5 17. a4 c4 18. Ba2 a5 19. Nd2 Nxa4 20. Nxa4 Bxa4 21. Rdc1 Bd7
22. Nxc4 b5 23. Nd2 Bf8 24. Qe3 a4 25. Nf3 a3 26. bxa3 Rxa3 27. Bb3 b4 28. Nd2
Rc8 29. Rab1 Rxc1+ 30. Rxc1 Ba4 31. Rb1 Qa6 32. g3 Qc8 33. Kg2 Bxb3 34. Rxb3
Qc2 35. Rxa3 bxa3 36. Nb3 a2 37. h4 Qxb3 38. Qxb3 a1=Q 39. Qd3 Bd6 40. Qf3 Qd4
41. Kh3 Bc5 42. Kg2 h5 43. Kg1 Qa1+ 44. Kg2 Qc1 0-1

[Event "Kaupthing Open Differdange"]
[Site "Differdange"]
[Date "2007.07.08"]
[Round "3.11"]
[White "Schlosser, Philipp"]
[Black "Gaponenko, Inna"]
[Result "1-0"]
[WhiteElo "2562"]
[BlackElo "2458"]
[PlyCount "75"]
[EventType "swiss"]
[EventCountry "LUX"]

1. c4 e6 2. Nc3 d5 3. d4 c6 4. e3 Nf6 5. b3 Nbd7 6. Bb2 b6 7. Nf3 Bb7 8. Bd3
Be7 9. O-O O-O 10. Rc1 Rc8 11. Qe2 Re8 12. Rfe1 Bf8 13. Red1 Qe7 14. h3 Red8
15. a3 c5 16. cxd5 Nxd5 17. Ne4 cxd4 18. Nxd4 N5f6 19. Nxf6+ Nxf6 20. Ba6 Ne4
21. b4 Nd6 22. Bxb7 Qxb7 23. b5 Rxc1 24. Rxc1 Ne4 25. Qf3 Rd7 26. a4 h6 27. Rc6
Nc5 28. Ba3 Rd5 29. a5 Qd7 30. axb6 axb6 31. Rxb6 e5 32. Rb8 exd4 33. Rxf8+
Kxf8 34. exd4 Kg8 35. Bxc5 Rf5 36. Qa8+ Kh7 37. b6 Rg5 38. b7 1-0

[Event "Kaupthing Open Differdange"]
[Site "Differdange"]
[Date "2007.07.08"]
[Round "3.12"]
[White "Ajrapetjan, Yuriy"]
[Black "Meijers, Viesturs"]
[Result "0-1"]
[WhiteElo "2387"]
[BlackElo "2483"]
[PlyCount "34"]
[EventType "swiss"]
[EventCountry "LUX"]

1. d4 e6 2. c4 b6 3. Nf3 Bb7 4. g3 f5 5. Bg2 Bb4+ 6. Nc3 Nf6 7. O-O Bxc3 8.
bxc3 O-O 9. a4 Nc6 10. Ne5 Na5 11. Bxb7 Nxb7 12. c5 bxc5 13. Rb1 Na5 14. dxc5
d6 15. Nd3 Ne4 16. Qc2 Qf6 17. c4 dxc5 0-1

[Event "Kaupthing Open Differdange"]
[Site "Differdange"]
[Date "2007.07.08"]
[Round "3.14"]
[White "Boos, Markus"]
[Black "Sulava, Nenad"]
[Result "0-1"]
[WhiteElo "2216"]
[BlackElo "2544"]
[PlyCount "62"]
[EventType "swiss"]
[EventCountry "LUX"]

1. Nf3 c5 2. g3 g6 3. Bg2 Bg7 4. O-O Nc6 5. e4 e5 6. d3 Nge7 7. Be3 d6 8. c3
O-O 9. Ne1 f5 10. f4 exf4 11. gxf4 Be6 12. Nf3 Kh8 13. Nbd2 b6 14. Nb3 a5 15.
a4 Ra7 16. Kh1 Rd7 17. Bg1 Bg8 18. Ng5 h6 19. exf5 Rxf5 20. Ne4 Nd5 21. Ng3 Rf8
22. f5 gxf5 23. Nxf5 Qg5 24. Be4 Ne5 25. h4 Qd8 26. Qh5 Nf6 27. Qd1 Nxe4 28.
dxe4 Rxf5 29. exf5 Qxh4+ 30. Bh2 Qe4+ 31. Kg1 Bd5 0-1

[Event "Kaupthing Open Differdange"]
[Site "Differdange"]
[Date "2007.07.08"]
[Round "3.15"]
[White "Iotov, Valentin"]
[Black "Holm, Sejer"]
[Result "1-0"]
[WhiteElo "2502"]
[BlackElo "2262"]
[PlyCount "63"]
[EventType "swiss"]
[EventCountry "LUX"]

1. d4 d5 2. Nf3 e6 3. c4 c5 4. cxd5 exd5 5. g3 Nc6 6. Bg2 Nf6 7. O-O Be7 8. Nc3
c4 9. Bg5 O-O 10. Ne5 Ng4 11. Nxc6 bxc6 12. Bxe7 Qxe7 13. Qa4 Bb7 14. b3 cxb3
15. axb3 a5 16. Qa3 Qf6 17. Qc5 Ra6 18. h3 Nh6 19. e4 dxe4 20. Nxe4 Qd8 21. Nd6
Ba8 22. Nc4 g6 23. Nxa5 Qb6 24. Nc4 Qb7 25. Nd6 Qb6 26. b4 Rd8 27. g4 Rb8 28.
Rxa6 Qxa6 29. Qg5 Qa7 30. Qxh6 Qxd4 31. Ne4 c5 32. Ng5 1-0

[Event "Kaupthing Open Differdange"]
[Site "Differdange"]
[Date "2007.07.08"]
[Round "3.16"]
[White "Mamedjarova, Turkan"]
[Black "Kasparov, Sergey"]
[Result "0-1"]
[WhiteElo "2254"]
[BlackElo "2500"]
[PlyCount "52"]
[EventType "swiss"]
[EventCountry "LUX"]

1. d4 c5 2. dxc5 e6 3. Nf3 Bxc5 4. e3 Nf6 5. Bd3 d5 6. O-O Nc6 7. c4 dxc4 8.
Bxc4 O-O 9. a3 a6 10. b4 Bd6 11. Bb2 b5 12. Bd3 Bb7 13. e4 Ng4 14. Qe2 Nce5 15.
Nxe5 Nxe5 16. Bc2 Rc8 17. f4 Nc4 18. Bc3 Qb6+ 19. Qf2 Qxf2+ 20. Rxf2 Ne3 21.
Bb3 Bxe4 22. Bd2 Nc4 23. Bxc4 Rxc4 24. Nc3 Bb7 25. Rd1 Bc7 26. Re2 Rd8 0-1

[Event "Kaupthing Open Differdange"]
[Site "Differdange"]
[Date "2007.07.08"]
[Round "3.18"]
[White "Jansa, Vlastimil"]
[Black "Struk, Jerzy"]
[Result "1/2-1/2"]
[WhiteElo "2494"]
[BlackElo "2240"]
[PlyCount "60"]
[EventType "swiss"]
[EventCountry "LUX"]

1. e4 c5 2. Nf3 Nc6 3. Bb5 g6 4. O-O Bg7 5. c3 Nf6 6. Re1 O-O 7. h3 e5 8. a3 a6
9. Bxc6 dxc6 10. d3 Re8 11. Qc2 b6 12. b4 cxb4 13. axb4 Nd7 14. Nbd2 c5 15. Nc4
cxb4 16. cxb4 Qc7 17. Qd2 Bb7 18. Bb2 Rad8 19. Rec1 Qb8 20. Qe3 b5 21. Na5 Re6
22. Rc2 h6 23. Rac1 Ba8 24. Nc6 Rxc6 25. Rxc6 Bxc6 26. Rxc6 a5 27. bxa5 Qa8 28.
Rc7 Qxa5 29. Qc1 Nb6 30. Qc6 b4 {Remaining moves are illegible (94 moves).}
1/2-1/2

[Event "Kaupthing Open Differdange"]
[Site "Differdange"]
[Date "2007.07.08"]
[Round "3.20"]
[White "Michiels, Bart"]
[Black "Jaenig, Reinhard"]
[Result "1-0"]
[WhiteElo "2454"]
[BlackElo "2169"]
[PlyCount "97"]
[EventType "swiss"]
[EventCountry "LUX"]

1. e4 c5 2. Nf3 e6 3. d4 cxd4 4. Nxd4 a6 5. c4 Nf6 6. Nc3 Qc7 7. a3 g6 8. Be3
d6 9. Be2 Nbd7 10. O-O b6 11. Rc1 Bb7 12. f3 Bg7 13. Qd2 O-O 14. b4 Rac8 15.
Rfd1 Rfd8 16. Nb3 Bf8 17. Bf1 Qb8 18. Qf2 Bc6 19. Bf4 Ne5 20. Bg5 Bg7 21. Qh4
Ned7 22. Rd2 b5 23. Rcd1 bxc4 24. Na5 h6 25. Bxh6 Bxh6 26. Qxh6 Ne5 27. h3 Ba8
28. Qe3 d5 29. Qd4 Kg7 30. exd5 exd5 31. f4 Ned7 32. g4 Kg8 33. Bg2 Qb6 34. g5
Nh5 35. Bxd5 Nxf4 36. Bxa8 Nxh3+ 37. Kh2 Qc7+ 38. Kxh3 Ne5 39. Qxd8+ Rxd8 40.
Rxd8+ Kg7 41. R1d6 Qe7 42. Ne4 Nf3 43. Kg4 Nxg5 44. Nxg5 c3 45. R8d7 Qe2+ 46.
Bf3 Qe8 47. Rxf7+ Kh8 48. Rh7+ Kg8 49. Bd5+ 1-0

[Event "Kaupthing Open Differdange"]
[Site "Differdange"]
[Date "2007.07.08"]
[Round "3.22"]
[White "Zelbel, Patrick"]
[Black "Bakalarz, Mieczyslaw"]
[Result "1/2-1/2"]
[WhiteElo "2193"]
[BlackElo "2355"]
[PlyCount "119"]
[EventType "swiss"]
[EventCountry "LUX"]

1. e4 e5 2. Nf3 Nf6 3. Nxe5 d6 4. Nf3 Nxe4 5. Nc3 Nxc3 6. dxc3 Nc6 7. Bf4 Bg4
8. Be2 Qd7 9. Nd4 Bxe2 10. Qxe2+ Be7 11. Nxc6 bxc6 12. O-O O-O 13. Rfe1 Bf6 14.
Qd2 Qf5 15. Be3 c5 16. Qd3 Qxd3 17. cxd3 Rfb8 18. Re2 a5 19. Rc2 a4 20. Rd1 Kf8
21. Kf1 Ke8 22. Ke2 Kd7 23. Kf3 Ra6 24. Bc1 c4 25. dxc4 Rc6 26. Be3 Rxc4 27.
Bd4 Bxd4 28. Rxd4 Rxd4 29. cxd4 Rb7 30. Rc4 Rxb2 31. Rxa4 Rc2 32. Ra5 Ke6 33.
Ke3 f5 34. g3 g5 35. a4 Rc3+ 36. Kd2 Ra3 37. Ra7 Kd5 38. Rxc7 Rxa4 39. Rxh7 g4
40. Rh5 Ke4 41. d5 Rd4+ 42. Ke2 Rxd5 43. Rh4 Ke5 44. h3 gxh3 45. Rxh3 Ra5 46.
Rh5 Ra2+ 47. Ke3 Ra3+ 48. Ke2 Ra4 49. Ke3 d5 50. f4+ Kf6 51. Rh6+ Ke7 52. Rg6
Kf7 53. Rd6 Ra3+ 54. Kd4 Rxg3 55. Kxd5 Re3 56. Rh6 Re4 57. Rb6 Rxf4 58. Ke5 Rf1
59. Ra6 Rf2 60. Rb6 1/2-1/2

[Event "Kaupthing Open Differdange"]
[Site "Differdange"]
[Date "2007.07.08"]
[Round "3.23"]
[White "Herbold, Manfred"]
[Black "Berend, Fred"]
[Result "0-1"]
[WhiteElo "2167"]
[BlackElo "2346"]
[PlyCount "62"]
[EventType "swiss"]
[EventCountry "LUX"]

1. Nc3 d5 2. e4 e6 3. d4 Nf6 4. Bg5 Bb4 5. a3 Bxc3+ 6. bxc3 dxe4 7. f3 Qd5 8.
Bxf6 gxf6 9. fxe4 Qxe4+ 10. Kf2 Bd7 11. Nf3 Bc6 12. c4 Na6 13. c5 Rg8 14. Rb1
Qg4 15. Bb5 Bxb5 16. Rxb5 Qxg2+ 17. Ke3 O-O-O 18. Rg1 Qh3 19. Rxg8 Rxg8 20. Ra5
Rg2 21. c6 Qh6+ 22. Kd3 Qg6+ 23. Kc3 Qe4 24. cxb7+ Kxb7 25. Qb1+ Kc8 26. Ne1
Qc6+ 27. Kd3 Rxh2 28. Qb2 f5 29. d5 Nc5+ 30. Kc4 Qxd5+ 31. Kb4 Rh4+ 0-1

[Event "Kaupthing Open Differdange"]
[Site "Differdange"]
[Date "2007.07.09"]
[Round "3.24"]
[White "Berend, Elvira S"]
[Black "Daubenfeld, Gilles"]
[Result "1/2-1/2"]
[WhiteElo "2340"]
[BlackElo "2158"]
[PlyCount "50"]
[EventType "swiss"]
[EventCountry "LUX"]

1. e4 c5 2. Nf3 d6 3. c3 Nf6 4. h3 g6 5. Bd3 Bg7 6. O-O O-O 7. Bc2 Nc6 8. d4
cxd4 9. cxd4 Nb4 10. Bb3 d5 11. e5 Ne4 12. Re1 Be6 13. Nc3 Nxc3 14. bxc3 Nc6
15. Ng5 Qd7 16. Qf3 Rfd8 17. Nxe6 Qxe6 18. Bg5 h6 19. Bf4 Rac8 20. Rac1 Na5 21.
Rb1 b6 22. Rbc1 Nc4 23. Qd3 Rc7 24. Qf3 Rdc8 25. Qd3 Rd8 1/2-1/2

[Event "Kaupthing Open Differdange"]
[Site "Differdange"]
[Date "2007.07.08"]
[Round "3.25"]
[White "Bellin, Jana"]
[Black "Van Dooren, Dirk"]
[Result "1/2-1/2"]
[WhiteElo "2151"]
[BlackElo "2331"]
[PlyCount "115"]
[EventType "swiss"]
[EventCountry "LUX"]

1. d4 Nf6 2. Nf3 c5 3. d5 d6 4. Nc3 g6 5. e4 Bg7 6. h3 O-O 7. Be2 Nbd7 8. Nd2
Ne8 9. Nc4 Rb8 10. a4 Nc7 11. O-O b6 12. Be3 Ne5 13. Na3 f5 14. f4 Nf7 15. exf5
Bxf5 16. Nab5 Ra8 17. Nxc7 Qxc7 18. Nb5 Qb7 19. c3 a6 20. Na3 Bd7 21. Nc4 b5
22. Na5 Qb6 23. Nc6 Rae8 24. axb5 axb5 25. Qd3 e6 26. dxe6 Rxe6 27. Nb4 Rfe8
28. Nd5 Qb7 29. Bf3 Bc6 30. Bf2 Nh6 31. Rfe1 Kh8 32. Rxe6 Rxe6 33. Re1 Rxe1+
34. Bxe1 Nf5 35. Kh2 Bf8 36. Bf2 Ne7 37. Nxe7 Bxe7 38. Bxc6 Qxc6 39. Qe2 Qd7
40. Qe4 Kg7 41. Qd5 h5 42. Bxc5 Qf5 43. Qxf5 gxf5 44. Bd4+ Kf7 45. Kg3 Ke6 46.
Kf3 Kd5 47. g4 hxg4+ 48. hxg4 fxg4+ 49. Kxg4 b4 50. Kf5 bxc3 51. Bxc3 Bh4 52.
Kg6 Kc4 53. f5 d5 54. f6 d4 55. Bd2 Bxf6 56. Kxf6 Kb3 57. Ke5 Kxb2 58. Kxd4
1/2-1/2

[Event "Kaupthing Open Differdange"]
[Site "Differdange"]
[Date "2007.07.08"]
[Round "3.27"]
[White "Christen, Pierre"]
[Black "Wagener, Claude"]
[Result "0-1"]
[WhiteElo "2060"]
[BlackElo "2307"]
[PlyCount "109"]
[EventType "swiss"]
[EventCountry "LUX"]

1. Nf3 Nf6 2. g3 g6 3. b4 d5 4. Bb2 Bg7 5. Bg2 O-O 6. O-O a5 7. b5 c6 8. a4
Nbd7 9. c4 cxb5 10. cxb5 Re8 11. d4 Nb6 12. Nbd2 Bf5 13. Nh4 Be6 14. Nhf3 Rc8
15. Ne5 Nfd7 16. Ndf3 f6 17. Nd3 Nc4 18. Bc1 Bf7 19. Re1 e5 20. dxe5 fxe5 21.
Nb2 e4 22. Nd4 e3 23. fxe3 Nxe3 24. Bxe3 Rxe3 25. Qd2 Qb6 26. Rad1 Rce8 27. Kh1
Nf6 28. Nc2 R3e7 29. Nd3 Ne4 30. Bxe4 Rxe4 31. Nf4 d4 32. h4 Qc5 33. Rc1 Qf5
34. Kh2 Qg4 35. e3 dxe3 36. Nxe3 Qf3 37. Ned5 Rxe1 38. Rxe1 Rxe1 39. Qxe1 Bxd5
40. Nxd5 Qxd5 41. Qxa5 Be5 42. Qe1 Kg7 43. Qe2 Qd4 44. Kh3 Qc3 45. Qg2 b6 46.
Qb7+ Kh6 47. Qg2 Qc8+ 48. Kh2 Qg4 49. Qd2+ Kg7 50. Qe3 Qxh4+ 51. Kg2 Qd4 52.
Qf3 Qd7 53. Kg1 h5 54. Kg2 Qd2+ 55. Kh3 0-1

[Event "Kaupthing Open Differdange"]
[Site "Differdange"]
[Date "2007.07.08"]
[Round "3.28"]
[White "Valuet, Bertrand"]
[Black "Lehnert, Michael"]
[Result "1-0"]
[WhiteElo "2303"]
[BlackElo "2064"]
[PlyCount "33"]
[EventType "swiss"]
[EventCountry "LUX"]

1. d4 f5 2. Nc3 Nf6 3. Bg5 d5 4. e3 e6 5. g4 fxg4 6. h3 g3 7. fxg3 Bd6 8. Bf4
g5 9. Be5 O-O 10. Nf3 Ne4 11. Bd3 Bxe5 12. Nxe5 Nxg3 13. Rg1 Qf6 14. Ng4 Qf3
15. Qxf3 Rxf3 16. Ne5 Rxe3+ 17. Kd2 1-0

[Event "Kaupthing Open Differdange"]
[Site "Differdange"]
[Date "2007.07.08"]
[Round "3.29"]
[White "Linster, Philippe"]
[Black "Bergsson, Snorri"]
[Result "0-1"]
[WhiteElo "2053"]
[BlackElo "2301"]
[PlyCount "66"]
[EventType "swiss"]
[EventCountry "LUX"]

1. c4 e6 2. g3 Nf6 3. Bg2 c5 4. Nf3 Nc6 5. Nc3 b6 6. d4 cxd4 7. Nxd4 Bb7 8.
Ndb5 Na5 9. Bxb7 Nxb7 10. Bf4 Rc8 11. Qa4 Na5 12. b3 a6 13. Nd6+ Bxd6 14. Bxd6
Rc6 15. Bb4 Qa8 16. O-O Nb7 17. Rfd1 Nc5 18. Bxc5 bxc5 19. Rd2 h5 20. h4 Ke7
21. Rad1 d6 22. Qa3 Rg8 23. Qb2 g5 24. hxg5 Rxg5 25. Rd3 h4 26. Qd2 Qg8 27.
Rxd6 Rxg3+ 28. fxg3 Qxg3+ 29. Kf1 Rxd6 30. Qxd6+ Qxd6 31. Rxd6 Kxd6 32. Kf2 Ke5
33. Na4 Nd7 0-1

[Event "Kaupthing Open Differdange"]
[Site "Differdange"]
[Date "2007.07.08"]
[Round "3.30"]
[White "Weller, Manuel"]
[Black "Brittner, Serge"]
[Result "1/2-1/2"]
[WhiteElo "1958"]
[BlackElo "2294"]
[PlyCount "102"]
[EventType "swiss"]
[EventCountry "LUX"]

1. e4 e6 2. d3 c5 3. Nf3 Nc6 4. c3 Nf6 5. Be2 d5 6. Qc2 Be7 7. Bg5 O-O 8. O-O
e5 9. Nbd2 Be6 10. a4 d4 11. Ne1 Nd7 12. Bxe7 Qxe7 13. g3 b6 14. Ng2 a6 15. f4
f6 16. f5 Bf7 17. g4 b5 18. c4 Nb4 19. Qc1 bxc4 20. Nxc4 Bxc4 21. Qxc4+ Qf7 22.
Rfc1 a5 23. Ne1 Rfc8 24. Qxf7+ Kxf7 25. b3 Ke7 26. Kf2 Rab8 27. Bd1 Kd6 28. Ke2
g6 29. Nc2 Nxd3 30. Kxd3 Rxb3+ 31. Kd2 c4 32. Ra3 Nc5 33. Nxd4 exd4 34. Bxb3
cxb3 35. Rxc5 Rxc5 36. Rxb3 Ke5 37. Rb6 Kxe4 38. fxg6 hxg6 39. Rxf6 g5 40. h3
Rc4 41. Rf5 Rxa4 42. Rxg5 Ra2+ 43. Kc1 Rh2 44. Rxa5 Rxh3 45. Kd2 Rg3 46. g5
Rg2+ 47. Kd1 Ke3 48. Re5+ Kd3 49. Ke1 Kc3 50. Rc5+ Kd3 51. Re5 Kc3 1/2-1/2

[Event "Kaupthing Open Differdange"]
[Site "Differdange"]
[Date "2007.07.08"]
[Round "3.31"]
[White "Wagener, Anna"]
[Black "Korman, Maxim"]
[Result "1/2-1/2"]
[WhiteElo "2292"]
[BlackElo "2061"]
[PlyCount "116"]
[EventType "swiss"]
[EventCountry "LUX"]

1. e4 e6 2. d4 d5 3. exd5 exd5 4. Nf3 Bd6 5. c4 dxc4 6. Bxc4 Nf6 7. O-O O-O 8.
h3 Bf5 9. Nc3 c6 10. Bg5 Nbd7 11. Re1 Qc7 12. Rc1 h6 13. Be3 Nb6 14. Bb3 Rad8
15. Nh4 Bh7 16. Qf3 Be7 17. Nf5 Bxf5 18. Qxf5 Qd7 19. Qf3 Nbd5 20. Nxd5 Nxd5
21. Bxh6 gxh6 22. Bxd5 cxd5 23. Qg3+ Bg5 24. h4 Qd6 25. Qxd6 Rxd6 26. hxg5 hxg5
27. Re5 f6 28. Re7 Rf7 29. Rxf7 Kxf7 30. Rc7+ Ke6 31. Rxb7 Ra6 32. a3 Ra4 33.
Kf1 Kf5 34. f3 Kf4 35. Kf2 Rxd4 36. g3+ Ke5 37. Ke3 Ra4 38. Kd3 Rd4+ 39. Kc3
Rc4+ 40. Kb3 a5 41. Re7+ Kd6 42. Ra7 Rd4 43. Kc3 Rc4+ 44. Kd3 a4 45. Rb7 Ke5
46. Rb4 Rxb4 47. axb4 Kd6 48. f4 Kc6 49. Kd4 Kb5 50. Kxd5 Kxb4 51. Ke6 gxf4 52.
gxf4 Kb3 53. Kxf6 Kxb2 54. f5 a3 55. Kg7 a2 56. f6 a1=Q 57. f7 Qa7 58. Kg8
Qxf7+ 1/2-1/2

[Event "Kaupthing Open Differdange"]
[Site "Differdange"]
[Date "2007.07.08"]
[Round "3.32"]
[White "Smokina, Karolina"]
[Black "Mamedjarova, Zeinab"]
[Result "1/2-1/2"]
[WhiteElo "2205"]
[BlackElo "2384"]
[PlyCount "38"]
[EventType "swiss"]
[EventCountry "LUX"]

1. d4 f5 2. c4 g6 3. Nc3 Bg7 4. e4 fxe4 5. d5 Nf6 6. Nge2 O-O 7. Ng3 c6 8. Be3
d6 9. Be2 Bf5 10. h4 Nbd7 11. h5 Ne5 12. h6 Bh8 13. Nxf5 gxf5 14. Rh3 Ng6 15.
f4 exf3 16. Bxf3 cxd5 17. Nxd5 e5 18. Nxf6+ Bxf6 19. Bd5+ Kh8 1/2-1/2

[Event "Kaupthing Open Differdange"]
[Site "Differdange"]
[Date "2007.07.08"]
[Round "3.33"]
[White "Schweitzer, Viktoriya"]
[Black "Penzel, Nils"]
[Result "0-1"]
[WhiteElo "2243"]
[BlackElo "2002"]
[PlyCount "142"]
[EventType "swiss"]
[EventCountry "LUX"]

1. e4 e6 2. d4 d5 3. Nc3 Bb4 4. Nge2 Ne7 5. a3 Ba5 6. b4 Bb6 7. e5 Bd7 8. Ng3
a5 9. b5 a4 10. Qg4 Ba5 11. Bd2 O-O 12. Bd3 f5 13. exf6 Rxf6 14. Nh5 Rf7 15.
Qh4 g6 16. Nf6+ Kh8 17. Ng4 Qe8 18. Qg3 Nf5 19. Qe5+ Ng7 20. h4 Bxc3 21. Bxc3
Bxb5 22. h5 Bxd3 23. h6 Nd7 24. hxg7+ Rxg7 25. Qg3 Bxc2 26. Bd2 Bf5 27. Bh6 Rf7
28. Ne5 Nxe5 29. Qxe5+ Kg8 30. O-O Qe7 31. f3 Qf6 32. Qe3 Re8 33. Bg5 Qh8 34.
Rac1 e5 35. Bf4 Qf6 36. Bxe5 c6 37. Qc3 Qd8 38. Qb4 Bd3 39. Rf2 Qa8 40. Qd2 Bc4
41. g4 Qc8 42. Kg2 Qd7 43. Rh1 c5 44. Qg5 Qe6 45. Kg3 cxd4 46. f4 Bd3 47. Rfh2
Ree7 48. Rd1 Be4 49. Bxd4 Qd6 50. Rc1 Re8 51. Rc3 Qa6 52. Rf2 Qe6 53. f5 Qd6+
54. Kh3 h6 55. Qh4 g5 56. Qh5 Ref8 57. f6 Kh7 58. Rf5 Bxf5 59. gxf5 Rxf6 60.
Bxf6 Qxf6 61. Rf3 Qf7 62. Qg4 Rg8 63. Rf2 h5 64. Qxa4 g4+ 65. Kg2 Qe7 66. Qb5
Qe4+ 67. Kg1 Qe1+ 68. Kg2 h4 69. Qxb7+ Rg7 70. Qb6 h3+ 71. Kg3 h2 0-1

[Event "Kaupthing Open Differdange"]
[Site "Differdange"]
[Date "2007.07.08"]
[Round "3.34"]
[White "Priewasser, Joerg"]
[Black "Kasparova, Tatiana"]
[Result "0-1"]
[WhiteElo "2022"]
[BlackElo "2217"]
[PlyCount "93"]
[EventType "swiss"]
[EventCountry "LUX"]

1. c4 c5 2. Nc3 Nf6 3. g3 g6 4. Bg2 Bg7 5. d3 d6 6. Rb1 O-O 7. a3 Nc6 8. Bd2 a5
9. Nb5 Bd7 10. f4 Qc8 11. e4 Nd4 12. Nxd4 cxd4 13. h3 e5 14. g4 b5 15. b3 a4
16. Bb4 exf4 17. Bxd6 Re8 18. c5 Nd5 19. b4 Nc3 20. Qc2 f5 21. Ne2 Nxb1 22.
Qxb1 fxe4 23. dxe4 g5 24. Qd3 Bc6 25. Nxd4 Bxd4 26. Qxd4 Bxe4 27. Bxe4 Qe6 28.
Kf2 Qxe4 29. Qxe4 Rxe4 30. c6 Rc8 31. c7 Rd4 32. Be5 Rd2+ 33. Kf3 Rd3+ 34. Ke4
Re3+ 35. Kf5 Rf8+ 36. Bf6 Rc3 37. Kxg5 Rxc7 38. Rf1 Rc4 39. Rf3 Kf7 40. Be5 Ke6
41. Bg7 Rf7 42. Bc3 Kd5 43. Bd2 Ke4 44. Rxf4+ Rxf4 45. Bxf4 h6+ 46. Kxh6 Kxf4
47. g5 0-1

[Event "Kaupthing Open Differdange"]
[Site "Differdange"]
[Date "2007.07.08"]
[Round "3.36"]
[White "Mertens, Marc"]
[Black "Ristic, Alexandre"]
[Result "1-0"]
[WhiteElo "2207"]
[BlackElo "2094"]
[PlyCount "89"]
[EventType "swiss"]
[EventCountry "LUX"]

1. e4 a6 2. d4 d5 3. exd5 Qxd5 4. Nc3 Qd6 5. Nf3 Nf6 6. g3 Bg4 7. Bg2 Nc6 8.
O-O O-O-O 9. d5 Ne5 10. Bf4 Nxf3+ 11. Bxf3 Qd7 12. Qd3 Bxf3 13. Qxf3 Qf5 14.
Rfe1 g5 15. Re5 Qh3 16. Bxg5 Ng4 17. Re4 Qxh2+ 18. Kf1 Qh3+ 19. Ke2 Nf6 20.
Bxf6 exf6 21. Rh1 Qd7 22. Qxf6 Bc5 23. Rh5 Kb8 24. Kf1 h6 25. Kg2 Rhg8 26. Qf5
Qd6 27. Qf4 Qf8 28. Qxh6 Rg7 29. Rg5 Rxg5 30. Qxg5 Qh8 31. Rh4 Qe8 32. Re4 Qh8
33. Qh4 Qg8 34. Qg4 Qh7 35. Qh4 Qg8 36. Qf6 Rd6 37. Qf5 Rg6 38. Rc4 Qh7 39. Ne4
Bd6 40. Nxd6 cxd6 41. Qc8+ Ka7 42. Rc7 Rxg3+ 43. Kxg3 Qg7+ 44. Qg4 Qe5+ 45. Qf4
1-0

[Event "Kaupthing Open Differdange"]
[Site "Differdange"]
[Date "2007.07.08"]
[Round "3.37"]
[White "Preiss, Veronika"]
[Black "Graf, Felix"]
[Result "0-1"]
[WhiteElo "2039"]
[BlackElo "2273"]
[PlyCount "64"]
[EventType "swiss"]
[EventCountry "LUX"]

1. d4 Nf6 2. Nf3 e6 3. e3 b6 4. Bd3 Bb7 5. Nbd2 c5 6. O-O Nc6 7. c3 cxd4 8.
exd4 Nd5 9. Re1 Be7 10. c4 Nf4 11. Bb1 d5 12. Nf1 Ng6 13. b3 O-O 14. Ng3 dxc4
15. bxc4 Bf6 16. Bb2 Na5 17. Bxg6 hxg6 18. Rc1 Rc8 19. Ba3 Re8 20. c5 Bxf3 21.
Qxf3 Bxd4 22. Ne4 bxc5 23. Nxc5 Qb6 24. Ne4 Nc4 25. Rxc4 Rxc4 26. Nd6 Bxf2+ 27.
Qxf2 Qxf2+ 28. Kxf2 Rc2+ 29. Re2 Rxe2+ 30. Kxe2 Rb8 31. Kd3 Rb1 32. Bc5 Rb2 0-1